Relie le membre au groupe de Kpop (rapidité) - Statistiques

Statistiques générales
  • Ce quiz a été pris 2 793 fois
  • Le résultat moyen est 13 sur 21
Statistiques - réponses
Hint Réponse % Correct
BTS Jungkook
92%
Stray Kids Bangchan
87%
TXT Yeonjun
79%
Aespa Ningning
78%
Itzy Yeji
74%
Le sserafim Chaewon
73%
Twice Sana
73%
Newjeans Minji
72%
Mamamoo Hwasa
68%
Enhypen Heeseung
65%
Red Velvet Wendy
65%
Seventeen Mingyu
64%
Exo Chanyeol
56%
Ive Liz
56%
GOT7 Jay B
47%
NCT 127 Yuta
47%
Riize Sungchan
44%
The Boyz Sunwoo
40%
Kep1er Xiaoting
36%
STAYC Yoon
28%
Young Posse Jieun
25%
Aucun quiz correspondant
Distribution des résultats
% des personnes avec chaque résultat
Percentile par nombre de réponses
Votre historique - résultats
Vous n’avez pas pris ce quiz